| 000 | nam a22 7a 4500 | ||
|---|---|---|---|
| 999 |
_c3073 _d3073 |
||
| 005 | 20170519110233.0 | ||
| 008 | 170519b1978 vau||||| |||| 00| 0 eng d | ||
| 020 | _a0879096020 | ||
| 040 | _aAKMAL | ||
| 082 | _a658.3 DES | ||
| 090 |
_a658.3 _bDES |
||
| 100 | 1 |
_aDessler, Gary, _d1942- _96382 |
|
| 245 | 1 | 0 |
_aPersonnel management : _bmodern concepts and techniques / _cGary Dessler |
| 260 |
_aReston, Va. : _bReston Pub. Co., _cc1978 |
||
| 300 |
_axiii, 512 p. : _b ill. ; _c24 cm |
||
| 504 | _aIncludes bibliographical references and index. | ||
| 650 | 0 |
_aPersonnel management _9602 |
|
| 942 |
_2ddc _cBOOK |
||